[Event "Poznan op 28th"]
[Site "Poznan"]
[Date "2021.08.17"]
[Round "4"]
[White "Bebenek, Anna"]
[Black "Lakowski, Krzysztof"]
[Result "1/2-1/2"]
[WhiteElo "1455"]
[BlackElo "1186"]
[PlyCount "65"]
[EventDate "2021.08.15"]
[EventType "swiss"]
[EventRounds "9"]
[EventCountry "POL"]
[SourceTitle "CBM 203 Extra"]
[Source "ChessBase"]
[SourceDate "2021.09.30"]
[SourceVersion "1"]
[SourceVersionDate "2021.09.30"]
[SourceQuality "1"]

1. d4 g6 2. c4 Bg7 3. Nf3 d6 4. Nc3 a6 5. Bf4 b6 6. e3 Bb7 7. Be2 Nf6 8. Qc2 Nbd7 9. 0-0 0-0 10. Rad1 Nh5 11. Qd3 Nxf4 12. exf4 e6 13. b4 Qf6 14. g3 Qf5 15. Nh4 Qh3 16. Bf3 Bxf3 17. Qxf3 Nf6 18. Ne4 Ng4 19. Qh1 h6 20. f3 Ne3 21. Nf2 Qxf1+ 22. Rxf1 Nxf1 23. Kxf1 Bxd4 24. Nd3 c5 25. Qg2 Bc3 26. bxc5 bxc5 27. Qc2 Bd4 28. g4 Rab8 29. Ng2 Rb6 30. h4 Rfb8 31. h5 gxh5 32. gxh5 Rb1+ 33. Nge1 1/2-1/2